00841 a2200193 4500003000500000005001700005010001600022020001700038040000900055082001600064100002400080245007100104260003700175300003400212490004300246505027800289650003600567830004400603Nust20221208124403.0 a 92044411 a0070342288 : cNust00a621.382,KER1 aKershenbaum, Aaron.10aTelecommunications network design algorithms /cAaron Kershenbaum. aNew York :bMcGraw-Hill,cc1993. axvi, 368 p. :bill. ;c25 cm.1 aMcGraw-Hill in computer science series aIntroduction (Page-1), Analysis of Loss and Delay (Page-43), Modeling Networks as Graphs (Page-111), Fundamentals Graph Algorithms (Page-139), Centralized Network Design (Page-179), Routing (Page-246), Mesh Topology Optimization (Page-281), Network Reliability (Page-330).. 0aTelecommunications engineering. 0aMcGraw-Hill series in computer science.